Children's Literature Sorting Gallery Quiz Stats

 Plays Quiz Updated Jan 26, 2016

Challenge
Share
Tweet
Embed
Score 0/55 Timer 08:00
2 Plays Today
% Correct
The Cat in the Hat
97%
Green Eggs and Ham
94.7%
Horton Hears a Who!
93.3%
How the Grinch Stole Christmas!
93%
The Lorax
91.5%
Charlie and the Chocolate Factory
87.1%
James and the Giant Peach
85.8%
Oh, the Places You'll Go!
85.5%
There's a Wocket in My Pocket!
83.6%
Hop on Pop
82.4%
Yertle the Turtle and Other Stories
80%
The BFG
79%
Matilda
76.9%
Beezus and Ramona
73.9%
Charlotte's Web
72.6%
Fantastic Mr Fox
72.1%
Ramona the Pest
70.1%
Henry and Beezus
67.2%
The Twits
60.9%
Where the Wild Things Are
56.7%
Danny, the Champion of the World
56.1%
George's Marvellous Medicine
54.4%
The Giver
49.4%
Stuart Little
48.2%
Henry Huggins
45.6%
Holes
45.1%
The Butter Battle Book
44.1%
Number the Stars
37.9%
% Correct
Ribsy
37.9%
Bridge to Terabithia
37.7%
Esio Trot
37.2%
Strega Nona
37.2%
The Mouse and the Motorcycle
35.5%
Dear Mr. Henshaw
35.2%
The Polar Express
35.1%
Jumanji
32.1%
The Legend of the Indian Paintbrush
31.6%
Sideways Stories from Wayside School
31.5%
The Legend of the Bluebonnet
31.4%
Ellen Tebbits
31.1%
Nana Upstairs and Nana Downstairs
30.3%
There's a Boy in the Girls' Bathroom
26.4%
Zathura
25.7%
26 Fairmount Avenue
24.9%
The Garden of Abdul Gasazi
24.7%
Anastasia Krupnik
24.6%
The Knight and the Dragon
24.3%
The Wreck of the Zephyr
23.7%
Jacob Have I Loved
22.2%
All About Sam
20.7%
Pancakes for Breakfast
20.1%
The Great Gilly Hopkins
17.5%
Gossamer
15.4%
The Cardturner
14.5%
The Sweetest Fig
14%

You're not logged in!

Compare scores with friends on all Sporcle quizzes.
OR
Log In

You Might Also Like...

Show Comments

Extras

Top Quizzes Today


Score Distribution

Your Account Isn't Verified!

In order to create a playlist on Sporcle, you need to verify the email address you used during registration. Go to your Sporcle Settings to finish the process.

Report this User

Report this user for behavior that violates our Community Guidelines.

Details: